LEADER 01021nam a2200265 i 4500 001 000000137824 003 CaOOAMICUS 005 20181019123616.0 008 050812s1963 it u000 u ita u 013 $a111682 040 $aSeMil$bita 100 1 $aSchiralli, Michele.$0(OLS)http://semarc/name/25047 245 10$aAgonia della parrocchia? /$cSac. Michele Schiralli. 260 $aPadova :$bEdizioni Lice,$ccopyr. 1963. 300 $a189 p. ;$c21 cm. 490 0 $aEcce Pastor [Lice] ;$v1 500 $aContiene : Bibliografia. 650 4$aParrocchia - Pastorale.$0(OLS)http://semarc/subject/6205 830 0$aEcce Pastor [Lice] ;$v1.$0(OLS)http://semarc/title/419311 850 $aSeMil 852 $aSeMil$W1$xVenegono$y1$m1114 1 1 *$j91346$B91346$CSeMilBibl$Z2$F97090 $81 961 $aOmaggio: Elli don Michele 996 $6245$aAgonia della parrocchia?$9(OLS)http://semarc/title/201397 996 $6260$aPadova :$bEdizioni Lice$9(OLS)http://semarc/publisher/30753 LEADER 00448nab a2200133 i 4500 001 000000323259 003 CaOOAMICUS 005 20180831173421.0 008 180831n it uu u0 0ita r 013 $a33600 040 $aSeMil$bita 245 10$aServizio diaconale in Duomo. - In [rubrica] :$bDiaconato. 773 0 $t[DICEMBRE 2003]. - 32 p.$gp.11$w()261349 996 $6245$aServizio diaconale in Duomo. - In [rubrica] :$bDiaconato.$9(OLS)http://semarc/title/396654 LEADER 00661nab a2200133 i 4500 001 000000323435 003 CaOOAMICUS 005 20180831173424.0 008 180831n it uu u0 0ita r 013 $a33780 040 $aSeMil$bita 245 12$aA tutti i parroci. In occasione del 50° anniversario della morte nel seminario di Venegono Inferiore del beato cardinal Schuster... - In [rubrica] :$bSpeciale. 773 0 $t[GIUGNO-LUGLIO 2004]. - 32 p.$gp.[15]$w()261355 996 $6245$aA tutti i parroci. In occasione del 50° anniversario della morte nel seminario di Venegono Inferiore del beato cardinal Schuster... - In [rubrica] :$bSpeciale.$9(OLS)http://semarc/title/396827